• 首页
  • 本馆介绍
  • 公告通知
  • 最新文献
  • 馆藏检索
  • 电子资源
  • 读者导购
  • 参考咨询
  • 我的图书馆
  • 登录
  • 详细信息显示
  • 放入我的书架
  • 预约/预借图书
  • 作者相关作品
  • 分类相关作品
  • 丛书相关作品
  • 出版社相关作品

书目信息

  • 表格格式
  • 工作单格式
  • 卡片格式
题名:
珍贵的自然保护区 下
    
 
作者: 谢宇 主编
分册:  
出版信息: 北京   中国工人出版社  2004.09
页数: 215-435页
开本:
丛书名:
单 册:
中图分类: S759.93
科图分类:
主题词: 森林--计测学 , 森林经理 , 森林经营 , 林业经营
电子资源:
ISBN: 7-5008-3382-2
000 00666nam0 2200241 450
001 0755674330
005 20070615094908.12
010    @a7-5008-3382-2@dCNY16.80
100    @a20070614d2004 km y0chiy0120 ea
101 0  @achi
102    @aCN@b110000
200 1  @a珍贵的自然保护区 下@Azhen gui de zi ran bao hu qu xia@f谢宇主编@Fxie yu zhu bian
210    @a北京@c中国工人出版社@d2004.09
215    @a215-435页
300    @a中国自然地理百科知识文库 11
606 0  @a森林@x计测学
606 0  @a森林经理
606 0  @a森林经营
606 0  @a林业经营
690    @aS759.93@v4
701  0 @a谢宇@Axie yu@4主编
801  0 @aCN@bPFT@c20070615
905    @aBZT@dS759.93@e1-2
    
    珍贵的自然保护区 下/谢宇主编.-北京:中国工人出版社,2004.09
    215-435页
    中国自然地理百科知识文库 11
    
    ISBN 7-5008-3382-2:CNY16.80
    
●
相关链接 在五车中查询图书 在当当中查询图书 在豆瓣中查询图书


正题名:珍贵的自然保护区 下     索取号:S759.93/1-2         预约/预借

序号 登录号 条形码 馆藏地/架位号 状态 备注
1 559499   230102082   中心书库中库/ 中库031架B面2列5层1/ [索取号:S759.93/1-2] 在馆    
2 559500   230102081   中心书库中库/ 中库031架B面2列4层26/ [索取号:S759.93/1-2] 在馆    
3 559501   230102080   中心书库中库/ 中库033架B面3列3层47/ [索取号:S759.93/1-2] 在馆    
4 559502   230102079   中心书库中库/ 中库031架B面2列5层6/ [索取号:S759.93/1-2] 在馆    
5 559503   230102078   中心书库中库/ 中库031架B面2列5层7/ [索取号:S759.93/1-2] 在馆    
6 559504   230102077   中心书库中库/ 中库031架B面2列5层8/ [索取号:S759.93/1-2] 在馆    
7 559505   230102076   中心书库中库/ 中库031架B面2列5层9/ [索取号:S759.93/1-2] 在馆    
8 559506   230102075   中心书库中库/ 中库031架B面2列5层10/ [索取号:S759.93/1-2] 在馆    
9 559507   230102074   中心书库中库/ 中库031架B面2列5层11/ [索取号:S759.93/1-2] 在馆    
10 559508   230102073   中心书库中库/ 中库031架B面2列5层12/ [索取号:S759.93/1-2] 在馆    
山东省滨州职业学院图书馆 欢迎您!
大连网信软件有限公司© 版权所有